Every Finnish Goalkeeper with National Team Caps in the 2000's - Statistics

General Stats
  • This quiz has been taken 7 times
  • The average score is 2 of 21
Answer Stats
Hint Answer % Correct
103 caps Lukas Hradecky
100%
58 caps Jussi Jääskeläinen
50%
68 caps Antti Niemi
25%
22 caps Jesse Joronen
25%
12 caps Peter Enckelman
25%
3 caps Anssi Jaakkola
0%
1 cap Carljohan Eriksson
0%
2 caps Henrik Moisander
0%
6 caps Henri Sillanpää
0%
13 caps Jani Viander
0%
1 cap Jukka Lehtovaara
0%
1 cap Lucas Bergström
0%
2 caps Mika Hilander
0%
15 caps Mikko Kaven
0%
27 caps Niki Mäenpää
0%
13 caps Otto Fredrikson
0%
5 caps Pasi Laaksonen
0%
4 caps Teuvo Moilanen
0%
1 cap Tomi Maanoja
0%
7 caps Viljami Sinisalo
0%
3 caps Walter Viitala
0%
No matching quizzes found
Score Distribution
Percent of People with Each Score
Percentile by Number Answered
Your Score History
You have not taken this quiz